000 01460cam a2200433 i 4500
001 17559534
005 20250519125420.0
008 121211s2013 mau b 001 0 eng
010 _a 2012049084
020 _a9780262519588 (pbk. : alk. paper)
037 _cTB
040 _aBL
_beng
_cBL
_erda
_dBL
041 _2eng
_aeng
042 _apcc
050 0 0 _aBF431
_b.C47 2013
084 _aR:(S:3) Q3
_qBL
100 1 _aChurchland, Paul M.,
_d1942-
_9808899
245 1 0 _aMatter and consciousness
250 _a3rd Ed.
260 _aCambridge, Massachusetts :
_bMIT Press,
_c2013.
264 1 _c[2013]
300 _axii, 288p.;
_c21 cm
336 _atext
_2rdacontent
337 _aunmediated
_2rdamedia
338 _avolume
_2rdacarrier
365 _b1715.00
_cINR
500 _a"A Bradford book."
504 _aIncludes bibliographical references and index.
650 0 _aPhilosophy of mind.
_9808900
650 0 _aIntellect.
_9808901
650 0 _aConsciousness.
_9808902
650 0 _aCognition.
_9808903
650 0 _aArtificial intelligence.
_9808904
650 0 _aNeurology.
_9808905
906 _a7
_bcbc
_corignew
_d1
_eecip
_f20
_gy-gencatlg
942 _2CC
_cTB
_e3rd Ed.
_hR:(S:3) Q3
_n0
999 _c1428812
_d1428812